| 000 | 01470cam a2200349 a 4500 | ||
|---|---|---|---|
| 001 | 11965346 | ||
| 005 | 20171009112908.0 | ||
| 008 | 000405s2000 enkab b 001 0 eng | ||
| 010 | _a 00039935 | ||
| 020 | _a0199276129 | ||
| 020 | _a9780199276127 | ||
| 040 |
_aDLC _cDLC _dDLC |
||
| 043 | _ae------ | ||
| 050 | 0 | 0 |
_aJN30 _b.P63 2000 |
| 082 | 0 | 0 |
_a341.2422 _221 _bPOL |
| 245 | 0 | 0 |
_aPolicy-making in the European Union / _cEdited by Helen Wallace, William Wallace and Mark A. Pollack. |
| 250 | _a5th ed. | ||
| 260 |
_aOxford [England] : _bOxford University Press, _cc2005. |
||
| 300 |
_axxxix, 570 p. : _bill.; _c25 cm. |
||
| 490 | 4 | _aThe new European Union series | |
| 504 | _aIncludes bibliographical references and index. | ||
| 650 | 0 |
_aPolitical planning _zEuropean Union countries. _98199 |
|
| 610 | 2 | 0 |
_98198 _aEuropean Union |
| 700 | 1 |
_aWallace, Helen _q(Helen S.) _98200 |
|
| 700 | 1 |
_aWallace, William, _d1941- _98201 |
|
| 700 | 1 |
_aPollack, Mark A. _98206 |
|
| 856 | 4 | 2 |
_3Publisher description _uhttp://www.loc.gov/catdir/enhancements/fy0610/00039935-d.html |
| 856 | 4 | 1 |
_3Table of contents only _uhttp://www.loc.gov/catdir/enhancements/fy0610/00039935-t.html |
| 856 | 4 | 2 |
_3Contributor biographical information _uhttp://www.loc.gov/catdir/enhancements/fy0726/00039935-b.html |
| 942 |
_2ddc _cBB |
||
| 999 |
_c12451 _d12451 |
||